Netter Atlas of Human Anatomy: (Record no. 37144)

MARC details
000 -LEADER
fixed length control field 00464nam a22001817a 4500
005 - DATE AND TIME OF LATEST TRANSACTION
control field 20260504103924.0
008 - FIXED-LENGTH DATA ELEMENTS--GENERAL INFORMATION
fixed length control field 260428b |||||||| |||| 00| 0 eng d
020 ## - INTERNATIONAL STANDARD BOOK NUMBER
ISBN 9780323680424
082 ## - DEWEY DECIMAL CLASSIFICATION NUMBER
Classification number 611
Item number NET-N
100 ## - MAIN ENTRY--AUTHOR
Author Name Netter; Frank H.
245 ## - TITLE STATEMENT
Title Netter Atlas of Human Anatomy:
Remainder of title Classic regional Approach/
250 ## - EDITION STATEMENT
Edition statement 8th.ed
260 ## - PUBLICATION, DISTRIBUTION, ETC.
Place of Publication Pakistan:
Name of publisher, distributor, etc. Elsevier;
Date of publication, distribution, etc. 2023.
300 ## - PHYSICAL DESCRIPTION
Pages 556p.
650 ## - SUBJECT ADDED ENTRY--TOPICAL TERM
Subject / Department Medical /Dentistry
952 ## - LOCATION AND ITEM INFORMATION (KOHA)
-- 0
-- 0
952 ## - LOCATION AND ITEM INFORMATION (KOHA)
-- 0
-- 0
Holdings
Lost status Damaged status Collection code Permanent Location Current Location Shelving Location Date acquired Full Call Number Accession No./Barcode Date last seen Copy number item type Koha item type
    Medical Superior Information Resource Center (SIRC) Superior University- Central Library Superior Information Resource Center (SIRC) Superior University- Central Library Dentistry(D-L) 04/28/2026 611 NET-N 2023 29837 04/28/2026 1 BOOK BOOK
    Medical Superior Information Resource Center (SIRC) Superior University- Central Library Superior Information Resource Center (SIRC) Superior University- Central Library Dentistry(D-L) 04/28/2026 611 NET-N 2023 29838 04/28/2026 2 BOOK BOOK

Powered by Koha